Los estiramientos (Registro nro. 308938)

Detalles MARC
000 -ENCABEZADO
Número de control [NR] 00615 a2200205 4500
005 - FECHA Y HORA DE LA ÚLTIMA TRANSACCIÓN
control field 20180119094201.0
008 - DE LONGITUD FIJA DE DATOS DE ELEMENTOS - INFORMACIÓN GENERAL
Elementos de longitud fija [NR] 180119s2017 sp ||||| |||| 00| 0 spa d
020 ## - NUMERO INTERNACIONAL NORMALIZADO PARA LIBROS [R]
Número Internacional Normalizado del libro [NR] 9788414574155
040 ## - FUENTE DE CATALOGACION [NR]
Agencia de catalogación original [NR] CO-BoUCM
Idioma de catalogación [NR] spa
Quien Cataloga Saul Niño
Quien Clasifica Saul Niño
041 0# - CODIGO DE IDIOMA [R]
Código de idioma para texto/pista de sonido o título separado [R] Español
060 ## - SIGNATURA TOPOGRAFICA DE LA BIBLIOTECA NACIONAL DE MEDICINA (NLM) [R]
Número clasificador [R] QT 255
100 10 - ASIENTO PRINCIPAL--NOMBRE PERSONAL [NR]
Nombre personal [NR] Guirao, Luis
ID Autoridad 90893
245 14 - MENCION DE TITULO [NR]
Título [NR] Los estiramientos
Parte restante del título [NR] deporte y salud
Mención de responsabilidad, etc. [NR] Luis Guirao
260 ## - PUBLICACION, DISTRIBUCION, ETC. (PIE DE IMPRENTA) [R]
Lugar de publicación, distribución, etc. [R] España
Nombre del editor, distribuidor, etc. [R] Siglantana
Fecha de publicación, distribución, etc. [R] 2017
300 ## - DESCRIPCION FISICA [R]
Extensión [R] 157 páginas
Otros detalles físicos [NR] ilustraciones
650 #7 - ASIENTO SECUNDARIO DE MATERIA - TERMINO TEMATICO [R]
9 (RLIN) 13933
Término temático o nombre geográfico como elemento de entrada [NR] Ejercicio
650 #7 - ASIENTO SECUNDARIO DE MATERIA - TERMINO TEMATICO [R]
9 (RLIN) 15104
Término temático o nombre geográfico como elemento de entrada [NR] Estiramientos
650 #7 - ASIENTO SECUNDARIO DE MATERIA - TERMINO TEMATICO [R]
9 (RLIN) 19969
Término temático o nombre geográfico como elemento de entrada [NR] Músculos
942 ## - ELEMENTOS DE ENTRADA AGREGADOS (KOHA)
Tipo de ítem principal el descrito en 300a Libro
Sistema de clasificación NLM
Tema principal Medicina
Edición 1
Clasificación QT 255
Parte restante de la signatura top. G965e
Existencias
Total préstamos Signatura topográfica Código de barras Última vez visto Ejemplar Costo de reposición Price effective from Tipo de ítem Perdido Sistema de clasificación Dañado No prestable Tipo de ítem específico Suprimido Ubicación habitual Ubicación actual Localización Fecha de creación Proveedor Forma de adquisición Costo
  QT 255 G965e 100156154 01/12/2025 Ej.1 55000.00 11/01/2018 Libro   NLM     Libro   Fundación Cardioinfantil Fundación Cardioinfantil 1er piso 11/01/2018 26 Compra 55000.00